00529nam a2200205Ia 4500008004100000020001800041050001400059100002000073245003100093245001600124245005600140260001500196260001600211260000900227300001500236300002700251300001000278440002700288500000800315170918s9999 xx 000 0 und d a9780531177792 bG386 2007 aGerver, Jane E. aLittle sister, big mess! : bopposites / cJane E. Gerver ; illustrated by Shelley Dietirichs. aNew York : bScholastic, c2007 a31 pages : bcolored illustration ; c19cm. aRookie ready to learn. a110